LEADER 01067nam a2200217 4500 001 000000367074 003 CaOOAMICUS 005 20260331110043.0 008 260331m19711973it 000 u ita r 040 $aSeMil$bita 100 1 $aSchiwy, Günther,$d<1932-2008>.$0(OLS)http://semarc/name/17863 240 10$aWeg ins Neue Testament :$bkommentar und material.$0(OLS)http://semarc/title/458918 245 10$aIntroduzione al Nuovo Testamento :$bcommento, materiale e documenti storici /$cGünther Schiwy. 264 1$aRoma :$bCittà Nuova,$c1971-1973. 300 $a2 v. :$c21 cm 650 4$aBibbia. Nuovo Testamento - Commentari, studi, critica, interpretazioni.$0(OLS)http://semarc/subject/184 774 0 $t1: Matteo-Marco.$dRoma : Città Nuova, 1971.$w()367076 774 0 $t2: Luca-Giovanni.$dRoma : Città Nuova, 1973.$w()367077 996 $6245$aIntroduzione al Nuovo Testamento :$bcommento, materiale e documenti storici$9(OLS)http://semarc/title/458919 996 $6264$aRoma :$bCittà Nuova$9(OLS)http://semarc/publisher/29609